Romeo and Juliet / (Record no. 292449)
[ view plain ]
| 000 -LEADER | |
|---|---|
| fixed length control field | 00890nam a2200289Ia 4500 |
| 008 - FIXED-LENGTH DATA ELEMENTS--GENERAL INFORMATION | |
| fixed length control field | 160319s9999 xx 000 0 und d |
| 245 ## - TITLE STATEMENT | |
| Title | Romeo and Juliet / |
| 245 ## - TITLE STATEMENT | |
| Statement of responsibility, etc | Paramount Pictures presents a Bhe Film ; The Franco Zeffirelli Production. |
| 260 ## - PUBLICATION, DISTRIBUTION, ETC. (IMPRINT) | |
| Place of publication, distribution, etc | California : |
| 260 ## - PUBLICATION, DISTRIBUTION, ETC. (IMPRINT) | |
| Name of publisher, distributor, etc | Paramount Pictures, |
| 260 ## - PUBLICATION, DISTRIBUTION, ETC. (IMPRINT) | |
| Date of publication, distribution, etc | 1968 |
| 300 ## - PHYSICAL DESCRIPTION | |
| Extent | 2 videodiscs : |
| 300 ## - PHYSICAL DESCRIPTION | |
| Other physical details | bsound, color ; |
| 300 ## - PHYSICAL DESCRIPTION | |
| Dimensions | 4 3/4 in. |
| 650 ## - SUBJECT ADDED ENTRY--TOPICAL TERM | |
| Topical term or geographic name as entry element | English drama -- Early modern and Elizabethan, 1500-1600. |
| 650 ## - SUBJECT ADDED ENTRY--TOPICAL TERM | |
| Topical term or geographic name as entry element | English drama (Tragedy). |
| 650 ## - SUBJECT ADDED ENTRY--TOPICAL TERM | |
| Topical term or geographic name as entry element | Love stories. |
| 650 ## - SUBJECT ADDED ENTRY--TOPICAL TERM | |
| Topical term or geographic name as entry element | Vendetta -- Italy -- Verona -- |
| 650 ## - SUBJECT ADDED ENTRY--TOPICAL TERM | |
| Topical term or geographic name as entry element | Youth -- Italy -- Verona -- |
| 650 ## - SUBJECT ADDED ENTRY--TOPICAL TERM | |
| General subdivision | Drama. |
| 650 ## - SUBJECT ADDED ENTRY--TOPICAL TERM | |
| General subdivision | Drama. |
| 650 ## - SUBJECT ADDED ENTRY--TOPICAL TERM | |
| General subdivision | Feature films. |
| 650 ## - SUBJECT ADDED ENTRY--TOPICAL TERM | |
| General subdivision | Tragedies. |
| 700 ## - ADDED ENTRY--PERSONAL NAME | |
| Personal name | MagnaVision., Corporate. |
| 700 ## - ADDED ENTRY--PERSONAL NAME | |
| Personal name | Paramount Pictures., Corporate. |
| 700 ## - ADDED ENTRY--PERSONAL NAME | |
| Personal name | Zeffirelli, Franco.. Author. |
| Withdrawn status | Lost status | Damaged status | Home library | Current library | Date acquired | Total Checkouts | Barcode | Date last seen | Price effective from | Koha item type |
|---|---|---|---|---|---|---|---|---|---|---|
| Stonyhurst Southville International School (Batangas) | Stonyhurst Southville International School (Batangas) | 03/19/2016 | AV-052 | 03/19/2016 | 03/19/2016 | Audio Visual Materials |